All about teeth / (Record no. 61199)

MARC details
000 -LEADER
fixed length control field 00770nam a22001937a 4500
005 - DATE AND TIME OF LATEST TRANSACTION
control field 20120119120134.0
020 ## - INTERNATIONAL STANDARD BOOK NUMBER
International Standard Book Number 9788179933749
Terms of availability 570.00 (set of 6 books)
020 ## - INTERNATIONAL STANDARD BOOK NUMBER
International Standard Book Number 9788179934197
100 ## - MAIN ENTRY--PERSONAL NAME
Personal name Bagai, Shona
245 ## - TITLE STATEMENT
Title All about teeth /
Statement of responsibility, etc by Shona Bagai; edited by Anupama Jauhry
260 ## - PUBLICATION, DISTRIBUTION, ETC. (IMPRINT)
Place of publication, distribution, etc New Delhi
Name of publisher, distributor, etc The Energy and Resources Institute, TERI Press,
Date of publication, distribution, etc 2011
270 ## - ADDRESS
Address Darbari Seth Block, IHC Complex, Lodhi Road
City New Delhi
Postal code 110003
Telephone number 26482100/4150
300 ## - PHYSICAL DESCRIPTION
Extent 22p
Other physical details ill (col)
Dimensions 26cm (Pbk)
490 ## - SERIES STATEMENT
Series statement Designed to survive
-- 39681
500 ## - GENERAL NOTE
General note set of 6 books
700 ## - ADDED ENTRY--PERSONAL NAME
Personal name Jauhry, Anupama
9 (RLIN) 39670
942 ## - ADDED ENTRY ELEMENTS (KOHA)
Source of classification or shelving scheme Dewey Decimal Classification
Item type Children Books
Call number suffix BAG
Holdings
Withdrawn status Lost status Not for loan Collection code Home library Current library Date acquired Cost, normal purchase price Full call number Copy number Cost, replacement price Koha item type
    Ordered Fiction Andrews Gunj Andrews Gunj 19/01/2012 570.00 BAG 1 570.00 Children Books

© Delhi Public Library
Hit Counter
free hit counter